LEADER 01296nam1 2200253 i 450 001 VAN00036406 005 20240806100401.243 010 $a88-7013-196-3 100 $a20050520f20022003 |0itac50 ba 101 $alat 102 $aIT 105 $a|||| ||||| 200 1 $aSupplementum ad Bullarium Franciscanum continens litteras Romanorum pontificum annorum 1378-1484$epro tribus ordinibus s.p.n. Francisci ulterius obtentas$fcollegit et edidit Caesar Cenci, O.F.M 210 $aGrottaferrata$cCollegii S. Bonaventurae ad Claras Aquas$d2002-2003 215 $a2 v.$d33 cm. 463 1$1001VAN00036407$12001 $aˆ1: ‰1378-1471$eappendice hierarchica addita$1210 $aGrottaferrata$cCollegii S. Bonaventurae ad Clara Aquas$d2002$1215 $a742 p.$d33 cm.$v1 463 1$1001VAN00036411$12001 $aˆ2: ‰1471-1484$eadditis appendice hierarchica et indicibus$1210 $aGrottaferrata$cCollegii S. Bonaventurae ad Clara Aquas$d2003$1215 $aP. 750-1478$d33 cm.$v2 620 $dGrottaferrata$3VANL000766 702 1$aCenci$bCesare$3VANV030500 712 $aCollegii S. Bonaventurae$3VANV110064$4650 801 $aIT$bSOL$c20240906$gRICA 912 $aVAN00036406 996 $aSupplementum ad Bullarium Franciscanum continens litteras Romanorum pontificum annorum 1378-1484$91406314 997 $aUNICAMPANIA